Synagóga v Lučenci 1924/2014
| Hlavní autori: | , |
|---|---|
| Ďalší autori: | , , |
| Médium: | Kniha |
| Jazyk: | slovenčina maďarčina angličtina |
| Fyzický popis: | [52] s. fotogr. 21 cm |
| Vydavateľské údaje: |
Lučenec
Novohradská knižnica
2014
|
| ISBN: | 9788085142815 |
| Predmet: |
MARC
| LEADER | 00000cam a2200000 a 4500 | ||
|---|---|---|---|
| 001 | vtls010659588 | ||
| 003 | SK-MaSNL | ||
| 005 | 20260301221011.0 | ||
| 008 | 180530s2014 xo o g 000 0dslo | ||
| 015 | |a SNBE2015 | ||
| 020 | |a 9788085142815 |q (brož.) | ||
| 035 | |a 384E8E46-A37E-466E-8E3E-790771581F67 | ||
| 035 | |a urn:nbn:sk:snk-amjzrl | ||
| 035 | |a urn:nbn:sk:snk-am007zvh | ||
| 040 | |a SNK |b slo |c SNK |e AACR2 | ||
| 041 | 1 | |a slo |a hun |a eng |h [slo] | |
| 043 | |a e-xo--- | ||
| 044 | |a xo |c SK | ||
| 072 | 7 | |a 26 |x Judaizmus |2 konspekt | |
| 072 | 7 | |a 72 |x Architektúra |2 konspekt | |
| 072 | 7 | |a 323 |x Vnútropolitický vývoj, politický život |2 konspekt | |
| 080 | |a 726.3 |2 2001 | ||
| 080 | |a 26-523.4 |2 2001 | ||
| 080 | |a (437.6) |2 2001 | ||
| 080 | |a 26 |2 2001 | ||
| 080 | |a (082.2) |2 2001 | ||
| 080 | |a 323.12"1939/1945" |2 2001 | ||
| 100 | 1 | |a Puntigán, József, |d 1958- |4 aut |4 pht |9 98944 | |
| 245 | 1 | 0 | |a Synagóga v Lučenci |b 1924/2014 |c [Jozef Puntigán ; anglický preklad: Katarína Tóthová, Zuzana Simanová Vaskyová ; text upravil: Radovan Mácal ; fotografie: Jozef Puntigán ; bibliografia: Zora Nagyová] |
| 246 | 1 | 1 | |a A Losonci zsinagóga |
| 246 | 1 | 1 | |a Synagogue in Lucenec |
| 260 | |a Lučenec |b Novohradská knižnica |c 2014 | ||
| 300 | |a [52] s. |b fotogr. |c 21 cm | ||
| 504 | |a Bibliogr. odkazy: s. [48-50] s. ; skratky | ||
| 546 | |a Súbežný text aj názov anglicky, maďarsky a slovensky | ||
| 648 | 7 | |a 1924-2014 |2 SNKPH |9 538113 | |
| 650 | 0 | 7 | |a synagógy |2 SNKPH |9 3020 |
| 650 | 0 | 7 | |a Synagogues |2 SNKPHeng |9 329506 |
| 650 | 0 | 7 | |a judaizmus |2 SNKPH |9 1840 |
| 650 | 0 | 7 | |a Judaism |2 SNKPHeng |9 276270 |
| 650 | 0 | 7 | |a holokaust (1939-1945) |2 SNKPH |9 160313 |
| 650 | 0 | 7 | |a Holocaust (1939-1945) |2 SNKPHeng |9 164372 |
| 651 | 7 | |a Lučenec (Slovensko) |2 SNKPHgeo |9 29545 | |
| 651 | 7 | |a Lučenec (Slovakia) |2 SNKPHeng |9 170665 | |
| 655 | 7 | |a jubilené publikácie |2 SNKPH |9 372057 | |
| 655 | 7 | |a Jubilee books |2 SNKPHeng |9 281827 | |
| 700 | 1 | |a Tóthová, Katarína |4 trl |9 302867 | |
| 700 | 1 | |a Simanová Vaskyová, Zuzana |4 trl |9 374954 | |
| 700 | 1 | |a Mácal, Radovan |4 adp |9 547445 | |
| 700 | 1 | |a Nagyová, Zora, |d 1957- |4 com |9 166127 | |
| 852 | |a Štátna vedecká knižnica v Banskej Bystrici | ||
| 919 | |a 978-80-85142-81-5 | ||
| 958 | |a NB | ||
| 958 | |a OP | ||
| 999 | |c 934039 |d 935969 | ||
| 952 | |a SNK |b SNK |y PREZ |7 0 |p 17A1141184 |o snkSC 163592 |i snk2015/8604 |8 0 |0 0 |1 0 |4 0 |d 2015-03-11 |f 1 |l 0 |r 2025-08-27 00:00:00 |w 2026-02-24 | ||
| 952 | |a SNK |b SNK |y VYP |7 0 |p 17A1141185 |o snkSC 163592 D1 |i snk2015/8605 |8 0 |0 0 |1 0 |4 0 |d 2015-03-11 |l 0 |r 2026-02-24 08:58:29 |w 2026-02-24 | ||


